000 00942nas a2200301 4500
001 BR0604088
003 BR-BrBNA
005 20231205110322.0
007 ta
008 230509b bl.|||p| |||| 00| 00por d
040 _aBR-BrBNA
_bpor
_cBiblioteca Nacional de Agricultura
041 _a(Pt)
072 _aK10
100 1 _aTibiriçá, Y.J. de A.
100 1 _aCoelho, L.F.M.
100 1 _aMoura, L.C. de
245 1 _aFlorística de lianas em um fragmento de floresta estacional semidecidual, Parque Estadual de Vassununga, Santa Rita do Passa Quatro, SP, Brasil
650 _aTREPADEIRA
650 _aBIGNÔNIA
650 _aMALPIGHIA
650 _aSAPINDACEAE
650 _aCOMPOSITAE
650 _aLEVANTAMENTO
650 _aSÃO PAULO
773 0 _tActa Botanica Brasilica (Brazil)
_xISSN 0102-3306
_g(Apr-Jun 2006), v. 20(2) p. 339-346
_wBR0604088
909 _a202311
_bLúcia
_c55
_dLúcia Elande
942 _2AGRIS
_n0
_cANA
999 _c186949
_d186949